Antología de rimas / (Record no. 31888)
[ view plain ]
| 000 -LEADER | |
|---|---|
| campo de control de longitud fija | 00962nam a2200265 i 4500 |
| 001 - NÚMERO DE CONTROL | |
| campo de control | 31888 |
| 003 - IDENTIFICADOR DE NÚMERO DE CONTROL | |
| campo de control | ES-MaACL |
| 005 - FECHA Y HORA DE LA ÚLTIMA TRANSACCIÓN | |
| campo de control | 20250805063236.0 |
| 007 - CAMPO FIJO DE DESCRIPCIÓN FÍSICA--INFORMACIÓN GENERAL | |
| campo de control de longitud fija | t| |
| 008 - DATOS DE LONGITUD FIJA--INFORMACIÓN GENERAL | |
| campo de control de longitud fija | 030130s1976 sp ||||1| spa d |
| 100 1# - ENTRADA PRINCIPAL--NOMBRE DE PERSONA | |
| Nombre de persona | Bécquer, Gustavo Adolfo, |
| Fechas asociadas al nombre | 1836-1870 |
| 9 (RLIN) | 26974 |
| 245 10 - MENCIÓN DEL TÍTULO | |
| Título | Antología de rimas / |
| Mención de responsabilidad, etc. | Gustavo Adolfo Béquer ; selección y prólogo de Joaquín Benito de Lucas ; traducción Kamal Fausi, Sami Dib, Jorge Sarhan ; presentación de Nizar Kabbani. |
| 250 ## - MENCION DE EDICION | |
| Mención de edición | 2ª ed. |
| 260 ## - PUBLICACIÓN, DISTRIBUCIÓN, ETC. | |
| Lugar de publicación, distribución, etc. | Madrid : |
| Nombre del editor, distribuidor, etc. | Instituto Hispano-Arabe de Cultura, |
| Fecha de publicación, distribución, etc. | 1976. |
| 300 ## - DESCRIPCIÓN FÍSICA | |
| Extensión | XVIII, 61 p. ; |
| Dimensiones | 21 cm. |
| 490 1# - MENCIÓN DE SERIE | |
| Mención de serie | Clásicos hispanos ; |
| Designación de volumen o secuencia | 1 |
| 700 1# - ENTRADA AGREGADA--NOMBRE PERSONAL | |
| Nombre de persona | Benito de Lucas, Joaquín. |
| 9 (RLIN) | 27672 |
| 700 1# - ENTRADA AGREGADA--NOMBRE PERSONAL | |
| Nombre de persona | Fausi, Kamal. |
| 9 (RLIN) | 48978 |
| 700 1# - ENTRADA AGREGADA--NOMBRE PERSONAL | |
| Nombre de persona | Dib, Sami. |
| 9 (RLIN) | 44471 |
| 700 1# - ENTRADA AGREGADA--NOMBRE PERSONAL | |
| Nombre de persona | Sarhan, Jorge. |
| 9 (RLIN) | 103816 |
| 700 1# - ENTRADA AGREGADA--NOMBRE PERSONAL | |
| Nombre de persona | Qabbani, Nizar. |
| 9 (RLIN) | 94468 |
| 830 0# - PUNTO DE ACCESO ADICIONAL DE SERIE-TÍTULO UNIFORME | |
| Título uniforme | Clásicos hispanos ; |
| Designación de volumen o secuencia | 1 |
| 9 (RLIN) | 229392 |
| 852 ## - LOCALIZACIÓN | |
| Ubicación | ES-MaACL |
| Número de control de estantería | L-2835 |
| Sublocalización o colección | R.103774 |
| Estatus retirado | Estado de pérdida | Estado de daño | No para préstamo | Biblioteca de origen | Biblioteca actual | Ubicación en estantería | Fecha de adquisición | Fuente de adquisición | Total de préstamos | Signatura topográfica completa | Código de barras | Visto por última vez | Precio de reemplazo | Tipo de ítem Koha |
|---|---|---|---|---|---|---|---|---|---|---|---|---|---|---|
| Biblioteca del Ateneo de Madrid | Biblioteca del Ateneo de Madrid | Depósito 2 | 17/01/2008 | L-2835 | 1032978 | 23/02/2023 | 23/02/2023 | Libro impreso |
